• 首页
  • 本馆介绍
  • 公告通知
  • 最新文献
  • 馆藏检索
  • 电子资源
  • 读者导购
  • 参考咨询
  • 我的图书馆
  • 登录
  • 详细信息显示
  • 放入我的书架
  • 预约/预借图书
  • 作者相关作品
  • 分类相关作品
  • 丛书相关作品
  • 出版社相关作品

书目信息

  • 表格格式
  • 工作单格式
  • 卡片格式
题名:
发酵过程解析、控制与检测技术
    
 
作者: 史仲平 , 潘丰 编著
分册:  
出版信息: 北京   化学工业出版社  2005
页数: 312页
开本: 24cm
丛书名: 现代发酵工程丛书
单 册:
中图分类: TQ92
科图分类:
主题词: 发酵工程
电子资源:
ISBN: 7-5025-6827-1
000 00911oam2 2200277 450
001 002930234
005 20080225095019.32
010    @a7-5025-6827-1@dCNY45.00
035    @a002930234
100    @a20050628d2005 em y0chiy0110 ea
101 0  @achi
102    @aCN@b110000
105    @ay z 000yy
106    @ar
200 1  @a发酵过程解析、控制与检测技术@Afa jiao guo cheng jie xi 、 kong zhi yu jian ce ji shu@f史仲平,潘丰编著
210    @a北京@c化学工业出版社@d2005
215    @a312页@d24cm
225 2  @a现代发酵工程丛书
330    @a本书包括绪论、生物过程参数在线检测技术、发酵过程控制系统和控制设计原理及应用、发酵过程的最优化控制、发酵过程的建模和状态预测等九章。
461  0 @1001002917348@12001 @a现代发酵工程丛书
606 0  @a发酵工程
690    @aTQ92@v4
701  0 @a史仲平@Ashi zhong ping@4编著
701  0 @a潘丰@Apan feng@4编著
801  0 @aCN@bNLC@c20080225
905    @dTQ92@e27@f4
    
    发酵过程解析、控制与检测技术/史仲平,潘丰编著.-北京:化学工业出版社,2005
    312页;24cm.-(现代发酵工程丛书)
    
    
    ISBN 7-5025-6827-1:CNY45.00
    本书包括绪论、生物过程参数在线检测技术、发酵过程控制系统和控制设计原理及应用、发酵过程的最优化控制、发酵过程的建模和状态预测等九章。
●
相关链接 在E读中查询图书 在五车中查询图书 在当当中查询图书 在豆瓣中查询图书


正题名:发酵过程解析、控制与检测技术     索取号:TQ92/27         预约/预借

序号 登录号 条形码 馆藏地/架位号 状态 备注
1 0614764   206147640   第二样本阅览室/ [索取号:TQ92/27] 在馆    
2 0614765   206147659   第三借阅区/ [索取号:TQ92/27] 在馆    
3 0614766   206147668   第三借阅区/ [索取号:TQ92/27] 在馆    
4 0614767   206147677   第三借阅区/ [索取号:TQ92/27] 在馆    
唐山师范学院图书馆 欢迎您!
大连网信软件有限公司© 版权所有